| 000 | 00588nam a2200205 a 4500 | ||
|---|---|---|---|
| 001 | 000022777 | ||
| 005 | 20200930021806.0 | ||
| 008 | 101118s2002 sp a 000 0 spa d | ||
| 020 | _a8466204555 | ||
| 040 |
_aDO-SdBNP _bspa _cBNPHU |
||
| 082 |
_axxxx _bR763m |
||
| 100 | 1 |
_aRomero Duque, M. Isabel _946797 |
|
| 245 | 1 | 0 |
_aMinicocina de las tapas / _cM. Isabel Romero Duque. |
| 260 |
_aMadrid : _bLibsa, _c2002. |
||
| 300 |
_a158 p. : _bil. ; _c19 cm. |
||
| 490 | 1 | _aPetit Gourmet | |
| 500 | _aIncluye índice alfabético de recetas | ||
| 830 | 0 |
_aPetit Gourmet _946798 |
|
| 049 | _aBNPD | ||
| 999 |
_c22274 _d22274 |
||